Bussiness (Record no. 6811)

MARC details
005 - DATE AND TIME OF LATEST TRANSACTION
control field 20260313133125.0
020 ## - INTERNATIONAL STANDARD BOOK NUMBER
International Standard Book Number 978126688620
100 ## - MAIN ENTRY--PERSONAL NAME
Author name FERREII,O
245 ## - TITLE STATEMENT
Title Bussiness
260 ## - PUBLICATION, DISTRIBUTION, ETC.
Place of publication, distribution, etc. New york
Name of publisher, distributor, etc. Mcgraw Hill LLC
Date of publication, distribution, etc. 2024
300 ## - PHYSICAL DESCRIPTION
Extent xvii,380p;ill;graph,picture,map
Other physical details Notes
Dimensions 28cm
700 ## - ADDED ENTRY--PERSONAL NAME
Other authors/Editors HIRT,G FERRELL,L
942 ## - ADDED ENTRY ELEMENTS (KOHA)
Source of classification or shelving scheme Dewey Decimal Classification
Koha item type Books
Holdings
Date last seen Total checkouts Full call number Barcode Cost, replacement price Price effective from Koha item type Lost status Source of classification or shelving scheme Damaged status Not for loan Withdrawn status Home library Current library Shelving location Date acquired Source of acquisition Cost, normal purchase price
03/13/2026   650 FER MBY0001073 439530.00 03/13/2026 Books   Dewey Decimal Classification       CBE MBEYA CBE MBEYA Special Reserve Collection 02/27/2026 PURCHASE 146510.00
03/13/2026   650 FER MBY0001074 439530.00 03/13/2026 Books   Dewey Decimal Classification       CBE MBEYA CBE MBEYA General Collection 02/27/2026 PURCHASE 146510.00
03/13/2026   650 FER MBY0001075 439530.00 03/13/2026 Books   Dewey Decimal Classification       CBE MBEYA CBE MBEYA General Collection 02/27/2026 PURCHASE 146510.00